Logical systems containing only a finite number of symbols /

Guardado en:
Autor Principal: Henkin, Leon.
Formato: Libro
Idioma:English
Publicado: Montréal : Presses de l'Université de Montréal, 1967.
Series:Séminaire de mathématiques supérieures ; 21
Etiquetas: Agregar Etiqueta
Sin Etiquetas, Sea el primero en etiquetar este registro!
LEADER 00829nam a22001935 4500
001 MAT.inmabb001911
008 700316s1967####quc###########000#0#eng#d
005 20151118154913.0
245 1 0 |a Logical systems containing only a finite number of symbols /  |c par Leon Henkin. 
260 |a Montréal :  |b Presses de l'Université de Montréal,  |c 1967. 
300 |a 48 h. ;  |c 28 cm. 
440 0 |a Séminaire de mathématiques supérieures ;  |v 21 
500 |a Cab. de portada: Université de Montréal. Département de mathématiques. 
500 |a "Notes du cours donné ... à la 5e session du Séminaire de mathématiques supérieures de l'Université de Montréal, tenue l'eté 1966." 
510 4 |a MR,  |c 39 #1313 
100 1 |a Henkin, Leon. 
084 |a 03G15 (03B10)  |2 msc2000 
010 |a  79352721  
859 |h 03  |i H513l  |p A-3201  |b BIB. MATEMATICA